00614nab a2200193 uc450000100070000000500170000700800410002403500110006503500210007604000130009704100080011010000360011824500690015465000300022365000420025377300960029594200100039199900190040131833720240831092344.0981120e19960301 spa  a318337 a(OCoLC)819770550 ccomduadb aspa10aLacasa, Pilar4auteaut949999310aJuicio al "lenguaje integrado"?: Algunas razones para su defensa aLenguaje integrado956566 7aMétodos de enseñanza2lemb9307400 tCultura y Educación (Madrid)gNúmero 01, Marzo 1996, p. 55-67w110719x1135-6405088459 cARIMP c107943d107943